000 00557nam a2200193Ia 4500
005 20250923144921.0
008 008 250917s9999 xx 000 0 eng d
037 _aTextual
040 _aDSWL
_beng
_cDSWL
041 _aeng
_2eng
084 _aX:Y:Z:737, N6
_qDSWL
100 _aHoselitz, B.F.
_9829787
245 0 _aSociological aspects of economic growth
_cby B.F. Hoselitz
260 _bFree Press of Glencoe
365 _aUSD
_b5.5
925 _g5.5
942 _cTEXL
_hX:Y:Z:737, N6
999 _c1444952
_d1444952